Statistics for Countries by State Religion

Click here to take the quiz!

General Stats

  • This quiz has been taken 1,643 times
  • The average score is 25 of 39

Answer Stats

State ReligionCountry% Correct
Shiʾa IslamIran
93%
AnglicanismEngland
91%
Islam (non-denominational)Iraq
91%
Sunni IslamSaudi Arabia
90%
IbadiOman
86%
Roman CatholicismVatican City
86%
Mixed Shi'a and SunniYemen
85%
Sunni IslamEgypt
84%
Islam (non-denominational)Pakistan
84%
Sunni IslamQatar
82%
Sunni IslamAlgeria
81%
Sunni IslamUnited Arab Emirates
81%
Mixed Shi'a and SunniBahrain
78%
Mixed Shi'a and SunniKuwait
78%
Sunni IslamLibya
78%
Sunni IslamMorocco
77%
Sunni IslamTunisia
74%
Sunni IslamAfghanistan
73%
Sunni IslamJordan
73%
Vajrayana BuddhismBhutan
69%
Eastern OrthodoxyGreece
68%
LutheranismNorway
60%
LutheranismDenmark
59%
Sunni IslamSomalia
59%
Islam (non-denominational)Bangladesh
58%
Theravada BuddhismCambodia
58%
Sunni IslamMalaysia
58%
Sunni IslamMauritania
55%
Sunni IslamBrunei
49%
LutheranismIceland
47%
Roman CatholicismMonaco
43%
Sunni IslamMaldives
41%
Islam (non-denominational)Djibouti
40%
Roman CatholicismMalta
38%
Roman CatholicismLiechtenstein
36%
Sunni IslamComoros
30%
Islam (non-denominational)Palestine
13%
Roman CatholicismCosta Rica
8%
ReformedTuvalu
4%

Score Distribution

Percentile by Number Answered

Percent of People with Each Score

Your Score History

You have not taken this quiz